000 01127pam a2200349 i 4500
999 _c1835
_d1835
001 016855749
003 Uk
005 20230202101639.0
008 140520s2014 vraa j 000 1 eng|d
015 _aGBB492907
_2bnb
016 7 _a016855749
_2Uk
020 _a9780987109965 :
040 _aStDuBDS
_beng
_cStDuBDS
_dUk
_dKH8
_erda
041 1 _aeng
_hger
042 _aukblsr
082 0 4 _a833.92 GRU
_223
100 1 _aGruss, Karin,
_eauthor.
240 1 0 _aEin roter schuh.
_lEnglish
245 1 0 _aOne red shoe /
_cKarin Gruss ; Tobias Krejtschi.
264 1 _aAlbert Park, Victoria :
_bWilkins farago,
_c2014.
300 _a1 volume (unpaged) :
_bchiefly illustrations (colour) ;
_c26 cm
336 _atext
_2rdacontent
336 _astill image
_2rdacontent
337 _aunmediated
_2rdamedia
338 _avolume
_2rdacarrier
500 _aTranslated from the German.
500 _aFormerly CIP.
_5Uk
650 0 _aArab-Israeli conflict, 1993-
_vPictorial works
_vJuvenile fiction.
651 0 _aGaza Strip
_vPictorial works
_vJuvenile fiction.
700 1 _aKrejtschi, Tobias,
_d1980-
_eartist.
942 _2ddc
_cNFIC